| 000 -LEADER |
| fixed length control field |
00959cam a22002417a 4500 |
| 001 - CONTROL NUMBER |
| control field |
15378369 |
| 005 - DATE AND TIME OF LATEST TRANSACTION |
| control field |
20210922125638.0 |
| 008 - FIXED-LENGTH DATA ELEMENTS--GENERAL INFORMATION |
| fixed length control field |
080723s2007 enk bf 000 0 eng d |
| 020 ## - INTERNATIONAL STANDARD BOOK NUMBER |
| International Standard Book Number |
9781873576748 |
| 041 ## - LANGUAGE CODE |
| Language code of text/sound track or separate title |
eng |
| 080 ## - UNIVERSAL DECIMAL CLASSIFICATION NUMBER |
| Universal Decimal Classification number |
371.58 C-58 |
| 082 04 - DEWEY DECIMAL CLASSIFICATION NUMBER |
| Edition number |
|
| 100 1# - MAIN ENTRY--PERSONAL NAME |
| Personal name |
Carroll, Jude. |
| 9 (RLIN) |
12518 |
| 245 12 - TITLE STATEMENT |
| Title |
A handbook for deterring plagiarism in higher education / |
| Statement of responsibility, etc. |
Jude Carroll. |
| 250 ## - EDITION STATEMENT |
| Edition statement |
Second edition |
| 264 ## - PRODUCTION, PUBLICATION, DISTRIBUTION, MANUFACTURE, AND COPYRIGHT NOTICE |
| Place of production, publication, distribution, manufacture |
Oxford : |
| Name of producer, publisher, distributor, manufacturer |
Oxford Centre for Staff and Learning Development, |
| Date of production, publication, distribution, manufacture, or copyright notice |
2007. |
| 300 ## - PHYSICAL DESCRIPTION |
| Extent |
128 p. ; |
| Dimensions |
25 cm. |
| 504 ## - BIBLIOGRAPHY, ETC. NOTE |
| Bibliography, etc. note |
Includes bibliographical references (p. [123]-128). |
| 653 ## - INDEX TERM--UNCONTROLLED |
| keyword |
სახელმძღვანელო უმაღლეს განათლებაში პლაგიატის აღსაკვეთად |
| 653 ## - INDEX TERM--UNCONTROLLED |
| keyword |
პლაგიატი |
| 942 ## - ADDED ENTRY ELEMENTS (KOHA) |
| Source of classification or shelving scheme |
|
| Koha item type |
წიგნი |